Link Airways Routes - Statistics

General Stats
  • This quiz has been taken 6 times
  • The average score is 8 of 15
Answers on the Map
Answers color-coded by a green-red scale on the quiz's map according to % correct below.
 
Answer Stats
Airport % Correct
Brisbane
100%
Hobart
100%
Melbourne
83%
Newcastle
83%
Canberra
67%
Coffs Harbour
67%
Tamworth
67%
Wollongong
67%
Armidale
50%
Dubbo
50%
Orange
50%
Bundaberg
33%
Narrabri
17%
Biloela
0%
Inverell
0%
No matching quizzes found
Score Distribution
Percent of People with Each Score
Percentile by Number Answered
Your Score History
You have not taken this quiz